Fresh Prince Of Bel-air Lyrics Quiz Stats

 Plays Quiz not verified by Sporcle

Score 0/190 Timer 08:00
0 Plays Today
Word % Correct
I
98.7%
I
98.7%
I
98.7%
I
98.7%
I
98.7%
I
98.7%
I
98.7%
I
98.7%
I
98.7%
The
98.5%
And
98.5%
A
98.5%
The
98.5%
A
98.5%
And
98.5%
The
98.5%
And
98.5%
The
98.5%
A
98.5%
And
98.5%
And
98.5%
And
98.5%
A
98.5%
And
98.5%
The
98.5%
A
98.5%
The
98.5%
A
98.5%
And
98.5%
The
98.5%
The
98.5%
My
95.5%
My
95.5%
My
95.5%
My
95.5%
My
95.5%
My
95.5%
And
95%
Of
94.2%
Of
94.2%
Of
94.2%
Of
94.2%
Of
94.2%
Up
93.4%
Up
93.4%
To
93.1%
To
93.1%
To
93.1%
To
93.1%
To
93.1%
To
93.1%
In
92.9%
In
92.9%
In
92.9%
In
92.9%
In
92.9%
Got
92.5%
Got
92.5%
Got
92.5%
Bel-Air
91.5%
Bel-Air
91.5%
Bel-Air
91.5%
Bel-Air
91.5%
Is
91.3%
Word % Correct
No
90.5%
You
90.2%
You
90.2%
This
89.2%
This
89.2%
About
88.6%
About
88.6%
Story
88.3%
Prince
88.1%
Yo
88.1%
Yo
88.1%
Prince
88.1%
All
87.8%
All
87.8%
All
87.8%
How
87.6%
How
87.6%
On
86.9%
On
86.9%
Life
86.6%
Down
85.8%
Upside
85.6%
West
85.4%
Born
83.9%
Sit
83.5%
Sit
83.5%
Raised
83.2%
Turned
82.7%
Uncle
82.7%
There
81.9%
There
81.9%
Couple
81.8%
Good
81.8%
Fight
81.8%
Said
81.7%
Said
81.7%
Guys
81.6%
Trouble
81.5%
Playground
81.1%
Little
80.8%
Scared
80.5%
Your
80.5%
Your
80.5%
Days
80.3%
Most
80.2%
When
79.8%
When
79.8%
Making
79.7%
Out
79.6%
Became
79.4%
Spent
79.2%
Cab
79.2%
Cab
79.2%
Moving
78.8%
Were
78.7%
One
78.7%
Right
78.7%
Town
78.5%
Called
78.5%
With
78.3%
Auntie
78.1%
Tell
78%
B-Ball
78%
Where
77.6%
Word % Correct
Started
77.5%
Now
75.9%
School
75.6%
Mum
75.5%
Take
75.3%
Minute
75.3%
Philadelphia
74.8%
Just
74.5%
Like
73.5%
Chilling
73.1%
Relaxing
73%
'Fresh'
72.7%
Outside
72.4%
Flipped
71.8%
Neighbourhood
71.7%
Shooting
70.7%
Some
70.7%
I'd
70.5%
Smell
68.9%
Cool
68.6%
Was
68.3%
Was
68.3%
Later
68.2%
Dice
67.8%
I'll
66.6%
It
66.4%
It
66.4%
For
66.1%
Mirror
65.8%
Plate
64.7%
Came
64.5%
Near
62.6%
House
62.4%
Seven
62%
Or
61.8%
Maxing
61.7%
Whistled
61.3%
Pulled
60.9%
Eight
60.8%
Throne
59.2%
That
58.5%
Licence
57.7%
Cabby
56.1%
Yelled
55.9%
As
54.4%
Finally
53.5%
At
52.5%
Homes
52.1%
Homes
52.1%
Kingdom
52.1%
Thought
50.5%
Looked
49.9%
Had
49.2%
Rare
49.1%
They
47.8%
But
47.6%
If
47.5%
Forget
47%
Anything
46.8%
Say
42.3%
Could
41.6%
Nah
37.3%

You're not logged in!

Compare scores with friends on all Sporcle quizzes.
OR
Log In

Sporcle TV

Today on Sporcle TV


Watch our educational content, quiz creation guides, and fun videos on Sporcle TV.

Show Comments

Extras

Created Oct 12, 2010ReportNominate
Tags:bel-air, fresh, Fresh Prince, prince

Top Quizzes Today


Score Distribution

Your Account Isn't Verified!

In order to create a playlist on Sporcle, you need to verify the email address you used during registration. Go to your Sporcle Settings to finish the process.

Report this User

Report this user for behavior that violates our Community Guidelines.

Details: